000 00661nam a2200265Ia 4500
001 6162
005 20240113233905.0
007 ta
008 050624s1971 a g b000 u hin u
020 _cPB
040 _aCotton College Assam
041 _ahin
082 _a891.433
_bT 171 A
100 _aTolstoy, Lio .
245 0 _aAnna karenina /
_cLio Tolstoy.
_hTextual Documents
250 _a1st ed. /
260 _aNew Delhi :
_bPrabhat Prakashan ,
_c1971.
300 _a226p. :
_bill. ;
_c18cm .
653 _aHindi novel
653 _aHindi fiction
653 _aGen-Hindi
942 _2ddc
_cBK
999 _c6149
_d6149